000
00279nam a22001217a 4500
008
171226b xxu||||| |||| 00| 0 eng d
041
_a
eng
080
_a
32
100
_a
18
101
_a
POL
245
_a
FOREIGN INFLUENCES IN AMERICAN LIFE
_c
BOWERS.D.F
942
_2
udc
_c
BK
999
_c
39398
_d
39398